000 01305nam a2200325 a 4500
999 _c21268
_d21268
001 1995483
003 ARRUPE
005 20171010093400.0
008 921201s1989 rh b 001 0 eng d
010 _a 89981419
020 _a0869224506
035 _a(OCoLC)21561138
040 _aMB
_cMBU
_dDLC
041 1 _aeng
_hger
042 _alccopycat
043 _af-rh---
050 0 0 _aGR358.62.K37
_bA83 1989
082 0 0 _a398.2/04963975
_220
100 1 _aAschwanden, Herbert,
_d1933-
_936901
245 1 0 _aKaranga mythology :
_ban analysis of the consciousness of the Karanga in Zimbabwe /
_cby Herbert Aschwanden in co-operation with the African nursing sisters of the Musiso Hospital, Zimbabwe ; English translation by Ursula Cooper.
260 _aGweru, Zimbabwe :
_bMambo Press,
_c1989.
300 _a287 p. ;
_c22 cm.
440 0 _aShona heritage series ;
_v5
_936902
504 _aIncludes bibliographical references and index.
650 0 _aKaranga (African people)
_xFolklore.
_936903
650 0 _aKaranga (African people)
_xReligion.
_936904
650 0 _aMythology, Karanga.
_936905
906 _a7
_bcbc
_ccopycat
_d4
_encip
_f19
_gy-gencatlg
942 _2lcc
_cMONOGRAPH